| 000 | 01187nam a2200217Ia 4500 | ||
|---|---|---|---|
| 003 | Ost | ||
| 005 | 20260507075118.0 | ||
| 008 | 260507s9999||||xx |||||||||||||| ||und|| | ||
| 020 | _a5568119957 | ||
| 040 | _cfsecg | ||
| 041 | _aara | ||
| 082 | _a352.33 | ||
| 100 |
_aالسالمي، علاء عبد الرزاق محمد _eمؤلف |
||
| 245 | 0 |
_aنظم دعم القرارات / _c علاء عبد الرزاق محمد السالمي |
|
| 260 |
_aعمان: _bدار وائل للنشر والتوزيع, _c2005 |
||
| 300 |
_a245 صفحة؛ _bإيضاحات ؛ _c24 سم |
||
| 520 | _aمفاهيم أساسية- الإدارة وصنع القرار- نظم المعلومات الداعمة لإتخاذ القارارت الإدارية- نظم دعم القرارات المتقدمة- أسس الذكاء الإصطناعي- نظم دعم القرارات وتطبيقات الذكاء الإصطناعي( الأنظمة الخبيرة)- نظام إكتساب المعرفة- نظم دعم القرارات والإدارة الإلكترونية | ||
| 653 | _aإتخاذ القرارات- الإدارة | ||
| 653 | _aالقرارات الادارية | ||
| 942 | _cكتاب | ||
| 999 |
_c43045 _d43045 |
||